[Event "World op"]
[Site "Philadelphia"]
[Date "1993.??.??"]
[Round "?"]
[White "Ragozin, Evgeni"]
[Black "Watson, John L"]
[Result "1-0"]
[WhiteElo "2510"]
[BlackElo "2400"]

1.c4 Nf6 2.Nc3 g6 3.e4 d6 4.d4 Bg7 5.Nf3 O-O 6.Be2 Nbd7 7.O-O e5 8.Qc2 c6
9.d5 Qc7 10.Bg5 a5 11.Rfc1 Nc5 12.Nd2 Nfd7 13.Be3 f5 14.f3 Qd8 15.Rd1 Qe7
16.Rab1 Rf7 17.Kh1 Qf8 18.b3 Bh6 19.Bxh6 Qxh6 20.a3 Nf6 21.b4 Ncd7 22.dxc6 bxc6
23.Nf1 axb4 24.axb4 fxe4 25.Rxd6 Ne8 26.Rdd1 exf3 27.Bxf3 Bb7 28.Ne4 Qf8
29.Bg4 Nb6 30.Be6 Ng7 31.Bxf7+ Qxf7 32.Nd6 Qe7 33.Ng3 Ne6 34.Qe4 Ng5 35.Qe3 Rd8
36.Nxb7 Rxd1+ 37.Rxd1 Nxc4 38.Qb3  1-0

[Event "US op"]
[Site "Philadelphia"]
[Date "1993.??.??"]
[Round "?"]
[White "Rao, Vivek"]
[Black "Karklins, Andrew"]
[Result "1/2-1/2"]
[WhiteElo "2420"]
[BlackElo "2370"]

1.d4 Nf6 2.c4 g6 3.Nc3 Bg7 4.e4 d6 5.Nf3 O-O 6.Be2 e5 7.O-O Nh5 8.g3 Bh3
9.Re1 exd4 10.Nxd4 Nf6 11.Be3 Nbd7 12.g4 Nb6 13.Kh1 Re8 14.f3 d5 15.g5 Nxe4
16.fxe4 c5 17.cxd5 cxd4 18.Bxd4 Bxd4 19.Qxd4 Qxg5 20.Rg1 Qe5 21.Rad1 Rad8
22.a4 Nc8 23.Rg3 Bd7 24.Qf2 Bxa4 25.Rf1 Nd6 26.Bd3 Bd7 27.Qxa7 f5 28.exf5 Bxf5
29.Bxf5 Nxf5 30.Rgf3 Re7 31.Qb6 Rd6 32.Qb4 Kg7 33.Qg4 Ne3 34.Qc8 Nf5 35.Qc4 Qd4
36.Qxd4+ Nxd4 37.Rf4 Nf5 38.Rd1 Rb6 39.Rd2 Rb3 40.Re4 Rd7 41.Re6  1/2-1/2

[Event "World op"]
[Site "Philadelphia"]
[Date "1993.??.??"]
[Round "2"]
[White "Ftacnik, Lubomir"]
[Black "Manion, Josh"]
[Result "1-0"]
[WhiteElo "2535"]
[BlackElo "2310"]

1.d4 Nf6 2.Nf3 g6 3.c4 Bg7 4.Nc3 O-O 5.e4 d6 6.Be2 e5 7.O-O exd4 8.Nxd4 Re8
9.f3 Nh5 10.g4 Nf6 11.Be3 Nc6 12.Qd2 a6 13.Rad1 Ne5 14.Bg5 c6 15.Qf4 Qe7
16.a4 a5 17.Rf2 Be6 18.b3 Rad8 19.h4 Bc8 20.h5 Ned7 21.h6 Bh8 22.Qh2 Nc5
23.Qh4 Ne6 24.Nxe6 Qxe6 25.f4 Rd7 26.Rd3 Nxe4 27.f5 Qe5 28.Nxe4 Qxe4 29.Bf6  1-0

[Event "World op"]
[Site "Philadelphia"]
[Date "1993.??.??"]
[Round "4"]
[White "Browne, Walter S"]
[Black "Watson, John L"]
[Result "0-1"]
[WhiteElo "2515"]
[BlackElo "2390"]

1.d4 Nf6 2.c4 g6 3.Nc3 Bg7 4.e4 d6 5.Nf3 O-O 6.Be2 Nbd7 7.O-O e5 8.Be3 c6
9.d5 Qe7 10.Rb1 c5 11.Ne1 Ne8 12.Qd2 f5 13.exf5 gxf5 14.f4 e4 15.Bf2 Kh8
16.Nc2 Rg8 17.Kh1 Nf8 18.b4 b6 19.bxc5 bxc5 20.Ne3 Ng6 21.g3 Nf6 22.Bd1 h5
23.Ba4 a6 24.Bc6 Ra7 25.Rb8 Qc7 26.Rfb1 Ne7 27.R8b6 Kh7 28.h4 Kg6 29.Na4 Rd8
30.Kg1 Kh7 31.Nc3 Bh8 32.Kh1 Rg8 33.Ne2 Ng4 34.Ng1 Ng6 35.Nh3 Bf6 36.Ng5+ Bxg5
37.hxg5 Rf8 38.Kg2 Kg8 39.R6b3 Qd8 40.Nxg4 fxg4 41.Re1 Bf5 42.Rh1 Rh7 43.Kg1 Bc8
44.Qe1 Qe7 45.Re3 Bf5 46.Ba4 h4 47.Bc2 Re8 48.gxh4 Nxf4 49.Bg3 Nh5 50.Kg2 Bg6
51.Rf1 Rf7 52.Rxf7 Kxf7 53.Bd1 Bf5 54.Be2 Kg6 55.Qd1 Nxg3 56.Rxg3 e3 57.Qa1 Qe4+
58.Kg1 Qd4 59.Qf1 Rb8 60.h5+ Kxg5 61.h6 Rb1 62.Rxg4+ Qxg4+ 63.Bxg4 Rxf1+
64.Kxf1  0-1

[Event "US op"]
[Site "Philadelphia"]
[Date "1993.??.??"]
[Round "7"]
[White "Salman, Joel"]
[Black "Porubszki, Georg"]
[Result "1-0"]
[WhiteElo "2250"]
[BlackElo "2135"]

1.d4 Nf6 2.c4 g6 3.Nc3 Bg7 4.e4 d6 5.Be2 O-O 6.Nf3 e5 7.O-O Nbd7 8.Re1 c6
9.Bf1 Re8 10.d5 c5 11.Rb1 Rf8 12.a3 Ne8 13.b4 b6 14.g3 Qe7 15.Bh3 f5 16.Ng5 cxb4
17.axb4 Ndf6 18.Qd3 fxe4 19.Ncxe4 Bxh3 20.Nxh3 Nxe4 21.Qxe4 Rf5 22.Nf4 Qf7
23.Ne6 Rxf2 24.Be3 Nf6 25.Qh4 Rf5 26.g4 Rf3 27.Ng5 Rxe3 28.Nxf7 Rxe1+ 29.Rxe1 Kxf7
30.Rf1 Kg8 31.Rxf6  1-0

[Event "Pinsk"]
[Site "Pinsk"]
[Date "1993.??.??"]
[Round "?"]
[White "Ryskin, Alexander"]
[Black "Agrest, Evgenij"]
[Result "1/2-1/2"]
[WhiteElo "2515"]
[BlackElo "2465"]

1.d4 Nf6 2.c4 g6 3.Nc3 Bg7 4.e4 d6 5.Be2 O-O 6.Nf3 e5 7.dxe5 dxe5 8.Qxd8 Rxd8
9.Bg5 Re8 10.O-O-O c6 11.Nxe5 Na6 12.Nf3 Bg4  1/2-1/2

[Event "RUS-chT"]
[Site "Podolsk"]
[Date "1993.??.??"]
[Round "?"]
[White "Berkovich, Dmitry"]
[Black "Matros, Alexander"]
[Result "1-0"]
[WhiteElo "2465"]
[BlackElo "2365"]

1.d4 Nf6 2.c4 g6 3.Nc3 Bg7 4.e4 d6 5.Nf3 O-O 6.Be2 e5 7.O-O Na6 8.Re1 c6
9.h3 exd4 10.Nxd4 Nc5 11.Bf3 Nfd7 12.Be3 Re8 13.Qd2 a5 14.Rad1 a4 15.Nde2 Qa5
16.Qxd6 Bf8 17.Qg3 Ne5 18.Nf4 Nxf3+ 19.Qxf3 Nd7 20.Nd3 Bg7 21.Rc1 Ne5 22.Nxe5 Bxe5
23.Bf4 Be6 24.c5 Bc4 25.Bxe5 Rxe5 26.Qf6 Rae8 27.Qd6 Bd5 28.Re3 Bc4 29.Qd4 Bb5
30.f4 R5e7 31.Rd1 f5 32.Rde1 Qc7 33.exf5 Rxe3 34.Rxe3 Rxe3 35.Qxe3 gxf5 36.Qe6+ Kg7
37.Qxf5 Bc4 38.Nxa4 Bxa2 39.Nc3 Bc4 40.Qg5+ Kf7 41.Ne4  1-0

[Event "Polanica Zdroj op"]
[Site "Polanica Zdroj"]
[Date "1993.??.??"]
[Round "8"]
[White "Pisulinski, Jan"]
[Black "Kveinys, Aloyzas"]
[Result "1-0"]
[WhiteElo "2370"]
[BlackElo "2535"]

1.d4 Nf6 2.c4 d6 3.Nc3 Nbd7 4.e4 e5 5.Nf3 g6 6.Be2 Bg7 7.O-O O-O 8.Re1 c6
9.Rb1 Re8 10.Bf1 exd4 11.Nxd4 Nc5 12.f3 Nh5 13.Be3 Qc7 14.Qd2 Be5 15.g3 Bd7
16.b4 Ne6 17.Nde2 Bg7 18.Red1 a5 19.b5 Bf8 20.c5 d5 21.exd5 Nxc5 22.g4 Ng7
23.Kg2 cxb5 24.d6 Qc6 25.Nxb5 Nge6 26.Nec3 Bg7 27.Nd5 b6 28.Ne7+ Rxe7 29.dxe7 Re8
30.Qd6 Qxd6 31.Nxd6 Rxe7 32.Rxb6 h6 33.Bc4 Na4 34.Rb8+ Kh7 35.Rd2 Bc3 36.Rd3 Be5
37.Rd5 Bf4 38.Bf2 Bc6 39.Rd3 Nac5 40.Bxc5 Nxc5 41.Rd4 Be3 42.Rd1 Nb7 43.Rxb7 Bxb7
44.Nxf7 Bf4 45.Nd8 Rc7 46.Bb3 Bc8 47.Rd5 Re7 48.Rxa5 h5 49.gxh5 gxh5 50.Rxh5+ Kg6
51.Rc5 Bd7 52.h4  1-0

[Event "Rubinstein mem"]
[Site "Polanica Zdroj"]
[Date "1993.??.??"]
[Round "11"]
[White "Sosonko, Gennadi"]
[Black "Markowski, Tomasz"]
[Result "1/2-1/2"]
[WhiteElo "2525"]
[BlackElo "2465"]

1.d4 Nf6 2.c4 g6 3.Nc3 Bg7 4.e4 d6 5.Nf3 O-O 6.Be2 e5 7.O-O exd4 8.Nxd4 Re8
9.f3 Nh5 10.f4 c5 11.Nb3 Nf6 12.Bf3 Nc6 13.Be3 Be6 14.Qe2 Na5 15.Nxa5 Qxa5
16.Rfd1 Rad8 17.Rd2 Qb4 18.Rad1 Bxc4 19.Qf2 Qb6 20.e5 dxe5 21.Bxc5 Rxd2 22.Rxd2 Qe6
23.fxe5 Qxe5 24.Bxa7 Qe1+ 25.Qxe1 Rxe1+ 26.Kf2 Rf1+ 27.Kg3 Nh5+ 28.Bxh5 Be5+
29.Kh3 gxh5 30.g3 Be6+ 31.Kg2 Rc1 32.Be3 Kg7 33.Re2 Ra1 34.Bh6+ Kf6 35.Bg7+ Kxg7
36.Rxe5 Rc1 37.Kf2 Bc4 38.Ke3 Rc2  1/2-1/2

[Event "RL-chC"]
[Site "Polch"]
[Date "1993.??.??"]
[Round "?"]
[White "May, Frank"]
[Black "Ganser, Johannes"]
[Result "1-0"]
[WhiteElo "1980"]
[BlackElo "1900"]

1.d4 Nf6 2.c4 g6 3.Nc3 Bg7 4.e4 d6 5.Be2 O-O 6.Nf3 e5 7.O-O Nbd7 8.d5 Nc5
9.Qc2 a5 10.Nd2 Bh6 11.b3 Bd7 12.a3 Qe8 13.Nb5 Rc8 14.b4 axb4 15.axb4 Bxd2
16.Bxd2 Ncxe4 17.Bh6 c6 18.Na7 Ra8 19.f3 Qd8 20.fxe4 Nxe4 21.dxc6 bxc6 22.Qxe4 f5
23.Qd3  1-0

[Event "RL-op"]
[Site "Polch"]
[Date "1993.??.??"]
[Round "?"]
[White "Pandorf, Horst"]
[Black "Balcerak, Jakob"]
[Result "0-1"]
[WhiteElo "1680"]
[BlackElo "1820"]

1.d4 Nf6 2.c4 g6 3.Nc3 Bg7 4.e4 d6 5.Nf3 O-O 6.Be2 e5 7.d5 Nh5 8.Be3 f5 9.g3 Nf6
10.exf5 Bxf5 11.O-O Nbd7 12.Qd2 Ng4 13.Bg5 Bf6 14.Bxf6 Ngxf6 15.Ng5 Nc5 16.f4 exf4
17.Rxf4 h6 18.b4 hxg5 19.Rxf5 gxf5 20.Qxg5+ Kh8 21.bxc5 Nh7 22.Qh5 Qf6 23.Qf3 Qd4+
24.Kh1 Rae8 25.Rf1 Re3 26.Qh5 Qxc3 27.cxd6 cxd6 28.c5 Qxc5 29.Rf4 Qxd5+ 30.Bf3 Qf7
31.Qh3 Re1+ 32.Kg2 Qxa2+ 33.Be2 Qxe2+ 34.Rf2 Qe4+  0-1

[Event "RL-op"]
[Site "Polch"]
[Date "1993.??.??"]
[Round "?"]
[White "Gruschinski, Rainer"]
[Black "Hoenig, Thomas"]
[Result "0-1"]
[WhiteElo "1710"]
[BlackElo "1860"]

1.d4 Nf6 2.c4 g6 3.Nc3 Bg7 4.e4 d6 5.Nf3 O-O 6.Be2 e5 7.dxe5 dxe5 8.Qxd8 Rxd8
9.Bg5 Re8 10.O-O-O Na6 11.Ne1 Be6 12.f3 c6 13.Nc2 Rad8 14.b4 h6 15.Be3 Bf8
16.c5 Nh5 17.g3 f5 18.Kb2 Nf6 19.g4 fxg4 20.fxg4 Nxg4 21.Rhg1 Nxe3 22.Nxe3 Kh7
23.a3 Be7 24.Ng4 Bxg4 25.Bxg4 Nc7 26.Kc2 h5 27.Bh3 g5 28.Bf5+ Kh6 29.Rxd8 Rxd8
30.Rd1 Rxd1 31.Nxd1 g4  0-1

[Event "RL-chA"]
[Site "Polch"]
[Date "1993.??.??"]
[Round "?"]
[White "Puth, Dieter"]
[Black "Schade, Gunnar"]
[Result "0-1"]
[WhiteElo "2070"]
[BlackElo "2145"]

1.d4 Nf6 2.c4 g6 3.Nc3 Bg7 4.e4 d6 5.Nf3 O-O 6.Be2 e5 7.O-O Nbd7 8.Re1 c6
9.Be3 Qe7 10.d5 c5 11.Nd2 h5 12.a3 Nh7 13.b4 b6 14.b5 f5 15.f3 Bf6 16.Bf2 f4
17.a4 Bh4 18.Bxh4 Qxh4 19.a5 Rb8 20.axb6 axb6 21.Nf1 Ndf6 22.Bd3 g5 23.g3 Qh3
24.Re2 g4 25.Rg2 gxf3 26.Rf2 Ng5 27.gxf4 Qg4+ 28.Kh1 Nh3  0-1

[Event "RL-op"]
[Site "Polch"]
[Date "1993.??.??"]
[Round "?"]
[White "Pandorf, Horst"]
[Black "Pauly, Markus"]
[Result "1-0"]
[WhiteElo "1680"]
[BlackElo "1915"]

1.d4 Nf6 2.c4 g6 3.Nc3 Bg7 4.e4 d6 5.Nf3 O-O 6.Be2 e5 7.d5 Nh5 8.Be3 Nf4
9.Bf1 f5 10.g3 Nh5 11.exf5 Bxf5 12.Bg2 Na6 13.Ng5 Nf6 14.Nge4 h6 15.Nxf6+ Qxf6
16.Ne4 Qf7 17.O-O Rae8 18.Qd2 Kh7 19.Rae1 Qd7 20.b4 b6 21.b5 Nb8 22.f4 exf4
23.Rxf4 Bh3 24.Bxh3 Qxh3 25.Rh4 Qd7 26.Bxh6 Kg8 27.Bxg7 Qxg7 28.Ng5 Rxe1+
29.Qxe1 Qe5 30.Qxe5 dxe5 31.Ne6 Rf7 32.Re4 Nd7 33.Kg2 Re7 34.Re3 Nc5 35.Rxe5 Nxe6
36.Rxe6 Rxe6 37.dxe6 Kf8 38.Kf3 Ke7 39.Ke4 Kxe6 40.h4  1-0

[Event "POR-ch"]
[Site "?"]
[Date "1993.??.??"]
[Round "1"]
[White "Pinho, Paulo"]
[Black "Leonardo, Joao"]
[Result "1/2-1/2"]
[WhiteElo "2195"]
[BlackElo "2255"]

1.d4 d6 2.Nf3 g6 3.c4 Bg7 4.Nc3 Nd7 5.e4 e5 6.Be2 Ngf6 7.O-O O-O 8.h3 exd4
9.Nxd4 Nc5 10.Bf3 Re8 11.Re1 h6 12.Bf4 Kh7 13.Qd2 Ne6 14.Nxe6 Bxe6 15.b3 Nd7
16.Rad1 Qf6 17.Nb5 Qd8 18.Be3 a6 19.Nd4 Ne5 20.Be2 Bd7 21.Nc2 Bc6 22.f3 b6
23.Nb4 Bb7 24.Nd5 a5 25.f4 Nd7 26.Bf3 Nc5 27.Bd4 Bxd5 28.cxd5 Bxd4+ 29.Qxd4 Qh4
30.e5 Rad8 31.Qd2 Kg7 32.Kh2 dxe5 33.fxe5 Qg5 34.Qc3 Qf4+ 35.g3 Qb4 36.Qe3 Rd7
37.Rd4 Qa3 38.Rh4 g5 39.Rh5 Qxa2+ 40.Re2 Qxb3 41.Rxg5+ Kf8 42.Qf4 hxg5 43.Qf6 Rxd5
44.Qh8+ Ke7 45.Qf6+  1/2-1/2

[Event "POR-ch"]
[Site "?"]
[Date "1993.??.??"]
[Round "4"]
[White "Parcerias, Pedro"]
[Black "Ribeiro, Fernando"]
[Result "0-1"]
[WhiteElo "2270"]
[BlackElo "2185"]

1.d4 Nf6 2.c4 g6 3.Nc3 Bg7 4.e4 d6 5.Nf3 O-O 6.Be3 e5 7.Be2 Ng4 8.Bg5 f6
9.Bh4 g5 10.Bg3 Nh6 11.dxe5 dxe5 12.O-O Nf7 13.h4 h6 14.hxg5 hxg5 15.Qb3 c6
16.c5 Qe7 17.Na4 Kh7 18.Bc4 Nh8 19.Nd2 Ng6 20.Qd1 Bh6 21.Bb3 Na6 22.Rc1 g4
23.Qe2 Nf4 24.Bxf4 exf4 25.Rc3 Qe5 26.Nc4 Qh5 27.Nd6 f3 28.Qd1 Bf4 29.g3 Bxd6
30.cxd6 Kg7  0-1

[Event "POR-ch"]
[Site "?"]
[Date "1993.??.??"]
[Round "8"]
[White "Pinho, Paulo"]
[Black "Ribeiro, Fernando"]
[Result "0-1"]
[WhiteElo "2195"]
[BlackElo "2185"]

1.d4 Nf6 2.c4 g6 3.Nc3 Bg7 4.e4 d6 5.Nf3 O-O 6.Be2 e5 7.O-O Qe8 8.dxe5 dxe5
9.Be3 b6 10.Nd2 Bb7 11.Nd5 Nxd5 12.cxd5 c6 13.Qb3 cxd5 14.exd5 Qd7 15.Rfd1 Qxd5
16.Qxd5 Bxd5 17.Nf1 Bb7 18.Rac1 Nc6 19.Bf3 Rac8 20.Rd7 e4 21.Bxe4 Ba8 22.b3 Nb8
23.Rxc8 Rxc8 24.Bb7 Nxd7 25.Bxc8 Ne5 26.Nd2 Bd5 27.Bd4 Nd3 28.Bxg7 Kxg7 29.a3 Kf6
30.b4 Ke5 31.Ba6 Kd4 32.Nb1 f5 33.Kf1 Ba2 34.Nd2 Kc3 35.Nf3 Bd5 36.Ng5 h6
37.Nh7 Ne5 38.f4 Bc4+  0-1

[Event "POR-ch"]
[Site "?"]
[Date "1993.??.??"]
[Round "10"]
[White "Pinho, Paulo"]
[Black "Parcerias, Pedro"]
[Result "1-0"]
[WhiteElo "2195"]
[BlackElo "2270"]

1.d4 Nf6 2.c4 g6 3.Nc3 Bg7 4.e4 d6 5.Nf3 O-O 6.Be2 e5 7.O-O Qe8 8.dxe5 dxe5
9.Be3 b6 10.Nd2 Na6 11.a4 Nd7 12.a5 Bb7 13.Nb5 Qe7 14.f3 c6 15.Nc3 Nac5 16.Na4 Rfd8
17.b4 Ne6 18.Rb1 Nd4 19.Nb3 c5 20.b5 f5 21.Nc3 Nf6 22.Bxd4 exd4 23.Nd5 Bxd5
24.exd5 Bh6 25.Bd3 Be3+ 26.Kh1 f4 27.Nd2 Nh5 28.Ne4 g5 29.Ra1 Rd6 30.Nxd6 Ng3+
31.hxg3 Qxd6 32.Bf5 Rf8 33.Bh3 fxg3 34.axb6 axb6 35.Ra7 Rf6 36.Qd3  1-0

[Event "POR-ch"]
[Site "?"]
[Date "1993.??.??"]
[Round "10"]
[White "Silva, Fernando"]
[Black "Ribeiro, Fernando"]
[Result "1/2-1/2"]
[WhiteElo "2335"]
[BlackElo "2185"]

1.c4 g6 2.d4 Bg7 3.Nc3 Nf6 4.e4 d6 5.Be2 O-O 6.Nf3 e5 7.dxe5 dxe5 8.Qxd8 Rxd8
9.Bg5 Re8 10.Nd5 Nxd5 11.cxd5 c6 12.Bc4 cxd5 13.Bxd5 Nc6 14.Bxc6 bxc6 15.O-O Be6
16.Rfc1 Reb8 17.b3 a5 18.Rxc6 a4 19.bxa4  1/2-1/2

[Event "Porz op29"]
[Site "Porz"]
[Date "1993.??.??"]
[Round "3"]
[White "Zagorskis, Darius"]
[Black "Peschel, Andreas"]
[Result "1-0"]
[WhiteElo "2425"]
[BlackElo "2240"]

1.d4 Nf6 2.c4 g6 3.Nc3 Bg7 4.e4 d6 5.Nf3 O-O 6.Be2 Na6 7.O-O e5 8.Qc2 Qe8
9.d5 Nh5 10.a3 f5 11.b4 h6 12.Nd2 Nf6 13.c5 Rf7 14.c6 Nb8 15.cxb7 Bxb7 16.f3 c6
17.dxc6 Nxc6 18.Bc4 d5 19.Nxd5 Kh8 20.Nb3 Nd4 21.Nxd4 exd4 22.Nxf6 Rxf6 23.exf5 Rc8
24.Qd3 Rxf5 25.Bd2 Rh5 26.Rfe1 Qc6 27.Be6 Qc2 28.Qxc2 Rxc2 29.Rad1 Be5 30.f4 Bf6
31.Bg4 Rb5 32.Be2 Rb6 33.Bd3 Ra2 34.Bxg6 Rxa3 35.Be4 Be7 36.Bc1 Ra2 37.Bxb7 Rxb7
38.Rxd4 Bxb4 39.Re8+ Kg7 40.Rc4 a5 41.f5 Bd6 42.Re6 Bf8 43.Bxh6+ Kh7 44.Bc1 a4
45.h3 a3 46.Kh2 Rf2 47.Rh4+ Kg8 48.Rg6+ Rg7 49.Rxg7+ Kxg7 50.Bh6+ Kf7 51.Bxf8 Kxf8
52.Ra4 a2 53.Ra7 Ke8 54.Kg3 Rb2 55.h4 Kf8 56.Kf3 Kg8 57.g4  1-0

[Event "Porz op29"]
[Site "Porz"]
[Date "1993.??.??"]
[Round "8"]
[White "Wicht, Juergen"]
[Black "Kliebe, Harry"]
[Result "1-0"]
[WhiteElo "2005"]
[BlackElo "2105"]

1.d4 Nf6 2.c4 g6 3.Nc3 Bg7 4.e4 d6 5.Be2 O-O 6.Nf3 Nbd7 7.O-O e5 8.d5 Nc5
9.Qc2 a5 10.Bg5 h6 11.Be3 b6 12.Nd2 Qe7 13.b3 Ne8 14.Rae1 f5 15.exf5 Bxf5
16.Nde4 Nf6 17.f3 Rf7 18.Nxf6+ Qxf6 19.Ne4 Qh4 20.Bd3 Nxd3 21.Qxd3 Raf8 22.Bf2 Qe7
23.a3 g5 24.Qd1 Qd7 25.Ng3 Bg6 26.Qe2 Rb8 27.a4 Rbf8 28.h3 Kh8 29.Be3 Qe7
30.Ne4 Re8 31.Qd2 Qf8 32.b4 axb4 33.Qxb4 Ra8 34.Bd2 Qe8 35.Ra1 Qd7 36.Qb5 Bxe4
37.Qxd7 Rxd7 38.fxe4 Kg8 39.a5 bxa5 40.Rxa5 Rxa5 41.Bxa5 Bf8 42.Rb1 Be7 43.Rb8+ Kg7
44.Rc8 Bd8 45.Kf2 Kg6 46.g4 Kf7 47.Ke3 Ke8 48.c5 dxc5 49.Kd3 Rf7 50.d6 cxd6
51.Rxd8+ Ke7 52.Bc7 Rf1 53.Kc4 Rc1+ 54.Kd5 Rd1+ 55.Kc6 Rd3 56.Rd7+ Ke8 57.Bxd6 Rxh3
58.Re7+ Kf8 59.Rxe5+ Kf7 60.Rxc5 Rh4 61.Rf5+ Kg6 62.e5 Rxg4 63.Rf6+ Kh5 64.e6 Re4
65.Kd7 g4 66.e7 g3 67.Re6  1-0

[Event "Porz op29"]
[Site "Porz"]
[Date "1993.??.??"]
[Round "8"]
[White "Schmitz, Manuela"]
[Black "Koscielski, Janusch"]
[Result "1-0"]
[WhiteElo "1900"]
[BlackElo "2215"]

1.d4 Nf6 2.c4 g6 3.Nc3 Bg7 4.e4 d6 5.Nf3 O-O 6.Be2 e5 7.Be3 Nc6 8.d5 Ne7
9.Nd2 Nd7 10.b4 f5 11.f3 Nf6 12.c5 Nh5 13.Nc4 Nf4 14.O-O Nxe2+ 15.Qxe2 f4
16.Bf2 g5 17.cxd6 cxd6 18.Nb5 Rf6 19.Nxa7 Bd7 20.Nb6 Rb8 21.Nxd7 Qxd7 22.Qb5 Qd8
23.Rac1 h5 24.Bb6 Qf8 25.Rc7 Re8 26.Rfc1 Rg6 27.Qd7 Kh7 28.Nb5 g4 29.Kf1 gxf3
30.gxf3 Qf6 31.Qh3 Ra8 32.R7c2 Ra6 33.Bf2 Ra4 34.Bh4 Qf8 35.Bxe7 Qxe7 36.Qxh5+ Rh6
37.Qf5+ Rg6 38.Rg2 Qf6 39.Rxg6 Qxg6 40.Qxg6+ Kxg6 41.a3 Ra6 42.Rc7 Rb6 43.a4 Kf6
44.Ke2 Bf8 45.Kd3 Be7 46.Kc4 Ra6 47.a5 Bd8 48.Rd7 Bxa5 49.Rxd6+  1-0

[Event "Protvino zt"]
[Site "Protvino"]
[Date "1993.??.??"]
[Round "?"]
[White "Bagaturov, Giorgi"]
[Black "Sturua, Zurab"]
[Result "1/2-1/2"]
[WhiteElo "2485"]
[BlackElo "2565"]

1.d4 Nf6 2.c4 g6 3.Nc3 Bg7 4.e4 d6 5.Nf3 O-O 6.Be2 e5 7.O-O Na6 8.Be3 Ng4
9.Bg5 Qe8 10.h3 h6 11.Bc1 exd4 12.Nxd4 Nf6 13.Bf3 Nh7 14.Re1 Ng5 15.Be3 Qe5
16.Qd2 Bxh3 17.Be2 Bd7 18.f4 Nxe4 19.fxe5 Nxd2 20.Bxd2 dxe5 21.Nb3 f5 22.c5 Nb4
23.Bc4+ Kh7 24.Rac1 Rad8 25.a3 Nc6 26.Nd5 e4 27.Bc3 Ne5 28.Nxc7 Rc8 29.Nd5 Ba4
30.Nd2  1/2-1/2

[Event "CRO-Cup"]
[Site "Pula"]
[Date "1993.??.??"]
[Round "2"]
[White "Radocaj, Denis"]
[Black "Balenovic, Zvonimir"]
[Result "1/2-1/2"]
[WhiteElo "2340"]
[BlackElo "2275"]

1.d4 Nf6 2.c4 g6 3.Nc3 Bg7 4.e4 d6 5.Nf3 O-O 6.Be2 e5 7.Be3 exd4 8.Nxd4 Re8
9.f3 c6 10.Qd2 d5 11.exd5 cxd5 12.c5 Nc6 13.Bf2 Nxd4 14.Bxd4 b6 15.cxb6 axb6
16.O-O Bd7 17.Rfd1 Bc6 18.Bf1 Rb8 19.b4 Qe7 20.a3 Nh5 21.Bxg7 Kxg7 22.Nxd5 Bxd5
23.Qxd5 Qe3+ 24.Kh1 Ng3+ 25.hxg3 Qh6+ 26.Kg1 Qe3+ 27.Kh2 Qh6+  1/2-1/2

[Event "CRO-Cup"]
[Site "Pula"]
[Date "1993.??.??"]
[Round "7"]
[White "Radocaj, Denis"]
[Black "Ljubicic, Filip"]
[Result "1/2-1/2"]
[WhiteElo "2340"]
[BlackElo "2335"]

1.d4 Nf6 2.c4 g6 3.Nc3 Bg7 4.e4 d6 5.Nf3 O-O 6.Be2 e5 7.Be3 Ng4 8.Bg5 f6
9.Bh4 g5 10.Bg3 Nh6 11.c5 Nc6 12.dxe5 fxe5 13.cxd6 cxd6 14.O-O Nf7 15.Nd2 Nd4
16.Bc4 Kh8 17.Nb3 Be6 18.Bxe6 Nxe6 19.f3 Nf4 20.Bf2 h5 21.Nd5 Nh6 22.Rc1 Rf7
23.Rc3 Bf8 24.Qd2 Nxd5 25.Qxd5 Qf6 26.Be3 Re8 27.Rf2 Qg6 28.h3 b6 29.Nd2 Re6
30.g4 Ref6 31.Kf1 Ng8 32.Ke2 Rh7 33.Nf1 Ne7 34.Qd2 hxg4 35.hxg4 d5 36.Bxg5 Rd6
37.Rd3 Nc6 38.Be3 dxe4 39.Rxd6 Bxd6 40.Qd5 exf3+ 41.Qxf3  1/2-1/2

[Event "CRO-Cup"]
[Site "Pula"]
[Date "1993.??.??"]
[Round "9"]
[White "Radocaj, Denis"]
[Black "Cvitan, Ognjen"]
[Result "0-1"]
[WhiteElo "2340"]
[BlackElo "2575"]

1.d4 Nf6 2.c4 g6 3.Nc3 Bg7 4.e4 d6 5.Nf3 O-O 6.Be2 e5 7.Be3 c6 8.O-O Qe7
9.dxe5 dxe5 10.a3 Ng4 11.Bg5 f6 12.Bc1 Rd8 13.Qc2 Na6 14.h3 Nh6 15.Be3 Nf7
16.Rfd1 Rxd1+ 17.Rxd1 Bh6 18.Bxh6 Nxh6 19.Qd2 Nf7 20.Qe3 Be6 21.Nd2 b6 22.b4 Nc7
23.Nb3 Kf8 24.Na4 Rd8 25.Rxd8+ Nxd8 26.Nb2 Nb7 27.Kf1 Kg7 28.h4 h6 29.g3 Bf7
30.Ke1 Ne6 31.Bg4 Nc7 32.Qd2 Be8 33.Qe3 Bf7 34.Qd2 Be8 35.Qe3 h5 36.Bh3 Bf7
37.Qd3 Be6 38.Bf1 c5 39.Qc3 Bf7 40.Nd1 Ne6 41.Ne3 Nd4 42.Kd2 Qd7 43.Nd5 Nd6
44.f3 Qa4 45.Nxd4 exd4 46.Qb2 Qa6 47.Qb3 Bxd5 48.exd5 Qc8 49.Qa4 Qc7 50.bxc5 bxc5
51.Bd3 Qe7 52.Qa6 Nf7 53.Be4 f5 54.d6 Nxd6 55.Bd5 Qe3+ 56.Kc2 d3+ 57.Kb2 Qe2+  0-1

[Event "Purmerend"]
[Site "Purmerend"]
[Date "1993.??.??"]
[Round "2"]
[White "Stern, Rene"]
[Black "Verdonk, Roland"]
[Result "1/2-1/2"]
[WhiteElo "2345"]
[BlackElo "2270"]

1.d4 Nf6 2.c4 g6 3.Nc3 Bg7 4.e4 d6 5.Nf3 O-O 6.Be2 e5 7.O-O Nbd7 8.Re1 c6
9.Bf1 Re8 10.d5 c5 11.a3 Rf8 12.g3 Ng4 13.h3 Nh6 14.Bg2 Qe7 15.b4 a5 16.Na4 axb4
17.axb4 b6 18.Bd2 f6 19.Qb3 Nf7 20.Nxb6 Rxa1 21.Rxa1 Nxb6 22.bxc5 Nd7 23.cxd6 Qxd6
24.Bb4 Qb6 25.Qa3 Re8 26.c5 Qb8 27.Bf1 Bf8 28.Bc4 Kg7 29.Kg2 Nxc5 30.Bxc5 Bxh3+
31.Kh2 Bxc5 32.Qxc5 Rc8 33.Qb5 Qc7 34.Bd3 Bg4 35.Ne1 Qc3 36.Rb1 Qd2 37.Qb2 Qh6+
38.Kg1 Qh5 39.Bf1 Ng5 40.Bg2 Bh3 41.Ra1 Bxg2 42.Kxg2 Qh3+ 43.Kg1 Qg4 44.d6 Qxe4
45.Qd2 Qxe1+ 46.Qxe1 Nf3+ 47.Kf1 Nxe1 48.Ra7+ Kg8 49.Kxe1 Rd8 50.Ra6 Rd7
51.f4 exf4 52.gxf4 f5 53.Kf2 Kf7 54.Kg3 Ke6 55.Kh4 h6 56.Ra8 Kd5 57.Rh8 Ke4
58.Kg3 h5 59.Re8+ Kd5 60.Kh4 Rxd6 61.Re5+ Kc6 62.Kg5 Kd7 63.Ra5 Kc6 64.Re5 Kb6
65.Kh6 h4 66.Kg5 h3 67.Re3 h2 68.Rh3 Rd1  1/2-1/2

[Event "Purmerend"]
[Site "Purmerend"]
[Date "1993.??.??"]
[Round "2"]
[White "Klarenbeek, Hans"]
[Black "Reinderman, Dimitri"]
[Result "1/2-1/2"]
[WhiteElo "2415"]
[BlackElo "2415"]

1.d4 Nf6 2.c4 g6 3.Nc3 Bg7 4.e4 d6 5.Be2 O-O 6.Nf3 e5 7.Be3 Na6 8.O-O Ng4
9.Bg5 Qe8 10.dxe5 h6 11.Bd2 dxe5 12.h3 Nf6 13.Be3 Nh5 14.c5 Nf4 15.Bb5 Qe6
16.Re1 Kh8 17.Rc1 g5 18.Bf1 Qg6 19.Nd5 Be6 20.c6  1/2-1/2

[Event "ISD-FRA"]
[Site "Reykjavik"]
[Date "1993.??.??"]
[Round "1"]
[White "Stefansson, Hannes"]
[Black "Apicella, Manuel"]
[Result "0-1"]
[WhiteElo "2495"]
[BlackElo "2495"]

1.d4 Nf6 2.c4 g6 3.Nc3 Bg7 4.e4 d6 5.Nf3 O-O 6.Be2 e5 7.O-O Na6 8.Re1 c6
9.Bf1 exd4 10.Nxd4 Ng4 11.h3 Qb6 12.hxg4 Qxd4 13.g5 Nc5 14.Qc2 Qe5 15.Be3 Qe7
16.Rad1 Rd8 17.Rd2 Ne6 18.f4 b6 19.Qd1 Bb7 20.Qg4 Nc5 21.f5 Bxc3 22.bxc3 Qxe4
23.Qh3 Qxf5 24.Qh6 Ne6 25.Rf2 Qe5 26.Bd2 Qg7 27.Qh4 c5 28.Rf6 Re8 29.Be2 Nf8
30.Bf4 Re4 31.Bd3 Rxe1+ 32.Qxe1 Ne6 33.Bxd6 Nxg5 34.Qe7 Bc6 35.Be5 Re8 36.Qc7 Be4
37.Bf1 Qf8 38.Bd6 Qg7 39.Qd7 Ra8 40.Qe7 Bf5 41.Qb7 Be4 42.Qe7 Bf5 43.Qb7 Re8
44.Be5 Qf8 45.Bd6 Qg7 46.Be5 Qh6 47.Bf4 Rf8 48.Qc7 Qh4 49.Qe5 Ne4 50.Rc6 Qf2+
51.Kh2 Qh4+ 52.Kg1 Qf2+ 53.Kh2 Nd2  0-1

[Event "Reykjavik op"]
[Site "Reykjavik"]
[Date "1993.??.??"]
[Round "3"]
[White "Schlosser, Philipp"]
[Black "Gretarsson, Andri A"]
[Result "1-0"]
[WhiteElo "2520"]
[BlackElo "2310"]

1.Nf3 Nf6 2.c4 g6 3.Nc3 Bg7 4.e4 O-O 5.d4 d6 6.Be2 e5 7.O-O Nbd7 8.Qc2 c6
9.Rd1 Qe7 10.d5 c5 11.g3 Ne8 12.Nh4 Bf6 13.Ng2 Bg5 14.f4 exf4 15.gxf4 Bh6
16.Bd3 Ng7 17.Re1 f6 18.Re3 Nh5 19.Qf2 Qf7 20.Nb5 Qe7 21.Nc7 Rb8 22.Ne6 Rf7
23.Be2 Nb6 24.Bxh5 gxh5 25.Rg3+ Kh8 26.f5 Bxc1 27.Rxc1 Nd7 28.Ngf4 Ne5 29.Nxh5 Bxe6
30.fxe6 Rff8 31.Kh1 Ng6 32.Rcg1 b5 33.cxb5 Rxb5 34.Rh3 Rb7 35.Rxg6 hxg6 36.Nxf6+  1-0

[Event "Reykjavik op"]
[Site "Reykjavik"]
[Date "1993.??.??"]
[Round "3"]
[White "Gislason, Gudmundur"]
[Black "McNab, Colin Anderson"]
[Result "0-1"]
[WhiteElo "2265"]
[BlackElo "2490"]

1.d4 d6 2.Nf3 g6 3.c4 Nd7 4.Nc3 e5 5.e4 Bg7 6.Be2 Ngf6 7.O-O O-O 8.Be3 Qe7
9.d5 a5 10.a3 Ng4 11.Bg5 f6 12.Bd2 Nh6 13.Qc1 Nf7 14.Rb1 a4 15.Ne1 Nc5 16.Be3 f5
17.f3 Bd7 18.Nd3 Nb3 19.Qe1 Bh6 20.Bd1 Bxe3+ 21.Qxe3 f4 22.Qf2 Nd4 23.Kh1 Nd8
24.Ne2 Nxe2 25.Bxe2 b6 26.g3 fxg3 27.Qxg3 Nb7 28.Kg2 Na5 29.Nf2 Nb3 30.Rbe1 Rf4
31.Rh1 Raf8 32.h4 Nd4 33.Bd1 Nxf3 34.Bxf3 Rxf3 35.Qxf3 Rxf3 36.Kxf3 Qf6+
37.Kg2 Qf4 38.Re2 h5 39.Nd3 Bh3+  0-1